|
|
|
|
| LEADER |
00000cam a2200000 7i4500 |
| 001 |
0000000096 |
| 005 |
20140503.0 |
| 020 |
0 |
0 |
|a 9839592947
|
| 090 |
0 |
0 |
|a 634.909595
|b WYA 1999
|
| 100 |
1 |
0 |
|a WYATT-SMITH
|h J.
|
| 245 |
1 |
0 |
|a Pocket check list of timber trees
|c J. Wyatt-Smith; third revision by K.M. Kochummen
|
| 250 |
0 |
0 |
|a 4th ed.
|
| 260 |
0 |
0 |
|a Kuala Lumpur :
|b FRIM ,
|c 1999
|
| 300 |
|
|
|a xiii, 367 p. :
|b ill. ;
|c 19 cm.
|
| 440 |
0 |
0 |
|a Malayan forest records; n. 17
|
| 500 |
0 |
0 |
|a Includes index
|
| 650 |
0 |
0 |
|a Timber
|z Malaysia
|x Handbooks, manuals,etc.
|
| 700 |
0 |
1 |
|a KOCHUMMEN
|h K. M.
|
| 998 |
|
|
|a JPSM
|
| 999 |
|
|
|a 0000001018
|b Monograph
|c Open Shelf
|e Default branch
|
| 999 |
|
|
|a 0000001019
|b Monograph
|c Reference
|e Default branch
|
| 999 |
|
|
|a 0000001020
|b Monograph
|c Open Shelf
|e Default branch
|
| 999 |
|
|
|a 0000001021
|b Monograph
|c Open Shelf
|e Default branch
|
| 999 |
|
|
|a 0000001022
|b Monograph
|c Open Shelf
|e Default branch
|
| 999 |
|
|
|a 0000002391
|b Monograph
|c Reference
|e Default branch
|
| 999 |
|
|
|a 0000002553
|b Monograph
|c Reference
|e Default branch
|
| 999 |
|
|
|a 0000002554
|b Monograph
|c Open Shelf
|e Default branch
|